Vývoj zahraničného obchodu Slovenskej republiky 2009 - 2013

Gespeichert in:
Bibliographische Detailangaben
Format: Buch
Sprache:Slowakisch
Englisch
Veröffentlicht: Bratislava Štatistický úrad Slovenskej republiky 2013
Schlagworte:
Tags: Tag hinzufügen
Keine Tags, Fügen Sie das erste Tag hinzu!

MARC

LEADER 00000nlm$a2200000$$$4500
001 0223758
005 20240827082941.9
020 |a 978-80-8121-335-9 
041 0 |a slo 
041 0 |a eng 
044 |a SK 
245 1 0 |a Vývoj zahraničného obchodu Slovenskej republiky 2009 - 2013 
264 1 |a Bratislava  |b Štatistický úrad Slovenskej republiky  |c 2013 
300 |a online [969 s.] 
500 |a Zdroj dokumentu: Štatistický úrad SR 
610 2 0 |a obchod zahraničný 
610 2 0 |a dovoz 
610 2 0 |a vývoz 
610 2 0 |a saldo